Départements de Hauts-de-France (Click) - Statistiques

Statistiques générales
  • Ce quiz a été pris 643 fois
  • Le résultat moyen est 4 sur 5
Statistiques - réponses
Hint Réponse % Correct

Nord
90%

Pas-de-Calais
89%

Oise
82%

Somme
77%

Aisne
75%
Aucun quiz correspondant
Distribution des résultats
% des personnes avec chaque résultat
Percentile par nombre de réponses
Votre historique - résultats
Vous n’avez pas pris ce quiz